000 00671nam a2200277Ia 4500
005 20260324140622.0
008 008 260324s9999 xx 000 0 eng d
020 _a9781315859095
037 _aEBOOK
040 _aCRL
040 _beng
040 _cCRL
041 _2eng
041 _aeng
084 _qCRL
100 _aPascal Acot; Patrick Blandin
_91205095
245 4 _aThe European Origins of Scientific Ecology (1800-1901)
260 _bTaylor and Francis
260 _c1998
365 _a
365 _b190
856 _uhttp://www.taylorfrancis.com/books/9781315859095
942 _cEBOOK
999 _c1807338
_d1807338